000
00322nam a2200133Ia 4500
008
240624s9999 xx 000 0 und d
041
_a
eng
082
_a
658.421 KAW
100
_a
KAWASAKI GUY
245
_a
ART OF THE START THE TIME TESTED BATTLE
260
_c
2004
_a
USA
_b
Penguin
300
_a
226 : p.
365
_c
_b
26
999
_c
20316
_d
20316